寝台特急「トワイライトエクスプレス」の停車駅(2015年) - Statistics

General Stats
  • This quiz has been taken 192 times
  • The average score is 15 of 17
Answer Stats
% Correct
大阪 10番線 11:50
98%
京都 12:24 12:25
98%
札幌 9:52 3番線
98%
新大阪 11:55 11:56
97%
福井 14:39 14:40
97%
金沢 15:37 15:40
97%
富山 16:30 16:32
97%
敦賀 13:46 13:48
96%
高岡 16:14 16:14
95%
直江津 17:56 18:06
91%
長岡 19:02 19:04
87%
苫小牧 8:50 8:50
87%
東室蘭 7:52 7:54
85%
南千歳 9:10 9:11
85%
新津 19:43 19:45
81%
洞爺 7:18 7:18
74%
登別 8:11 8:12
74%
No matching quizzes found
Score Distribution
Percent of People with Each Score
Percentile by Number Answered
Your Score History
You have not taken this quiz